| 000 | 00000nas 2200000za 4500 |
| 001 | 9.819440 |
| 003 | CaOODSP |
| 005 | 20221107142947 |
| 007 | cr ||||||||||| |
| 008 | 160614d19651987oncar p oss f000#b0fre|d |
| 022 | |y0576-0119 |
| 040 | |aCaOODSP|bfre |
| 041 | |aeng|afre |
| 043 | |an-cn--- |
| 086 | 1 |aCS61-208-PDF |
| 245 | 00|aCorporation taxation statistics |h[ressource électronique] = |bStatistique fiscale des sociétés. |
| 246 | 11|aStatistique fiscale des sociétés |
| 260 | |aOttawa : |bDominion Bureau of Statistics, Corporations and Labour Unions Returns Division = Bureau fédéral de la statistique, Division des déclarations des corporations et des syndicats ouvriers, |c1969-1990. |
| 310 | |aAnnuel |
| 362 | 0 |a1965-1987. |
| 500 | |aÉdition numérisée de l’imprimé [par Statistique Canada]. |
| 546 | |aTexte en anglais et en français. |
| 550 | |aPublié 1969-1970, par Statistique Canada, Division des déclarations des corporations et des syndicats ouvriers; 1971-1981, par la Division des finances des entreprises; 1982-1987, par la Division de l'organisation et des finances de l'industrie. |
| 580 | |aFait suite à une partie de : Taxation statistics. |
| 692 | 07|2gccst|aSociétés |
| 692 | 07|2gccst|aImpôt |
| 710 | 1 |aCanada.|bBureau fédéral de la statistique.|bDivision des déclarations des corporations et des syndicats ouvriers. |
| 710 | 2 |aStatistique Canada.|bDivision de l'organisation et des finances de l'industrie. |
| 710 | 1 |aCanada. |bStatistique Canada. |bDivision des déclarations des corporations et des syndicats ouvriers. |
| 710 | 1 |aCanada. |bStatistique Canada. |bDivision des finances des entreprises. |
| 791 | |tCorporation taxation statistics |eeng|w(CaOODSP)9.819433 |